| 000 | 00453nam a2200181Ia 4500 | ||
|---|---|---|---|
| 005 | 20250423101217.0 | ||
| 008 | 250422s9999 xx 000 0 und d | ||
| 020 | _a9780199205165 | ||
| 050 | _aJA 61 .C665/ | ||
| 245 | 4 | _aThe concise Oxford dictionary of politics | |
| 250 | _a3rd ed. | ||
| 260 | _aOxford | ||
| 260 | _bOxford University Press | ||
| 260 | _c2003 | ||
| 300 | _a599 p | ||
| 650 | _aPolitical science--Dictionaries. | ||
| 942 | _cBK | ||
| 999 |
_c35623 _d35623 |
||